[Event "ch-SCG jr"]
[Site "Vrnjacka Banja SCG"]
[Date "2005.08.18"]
[Round "8"]
[White "Nadj Hedjesi,B"]
[Black "Bogosavljevic,B"]
[Result "0-1"]
[WhiteElo "2357"]
[BlackElo "2302"]

1.e4 c5 2.Nf3 Nc6 3.Bb5 g6 4.O-O Bg7 5.Re1 e5 6.Bxc6 dxc6 7.d3 Ne7 8.a3 a5
9.Be3 b6 10.Nbd2 a4 11.Qc1 O-O 12.Nc4 Qc7 13.Bh6 f6 14.Bxg7 Kxg7 15.h3 Be6
16.Ne3 g5 17.Nh2 h5 18.Qd1 Rh8 19.Nhf1 Qd7 20.Ng3 h4 21.Ngf1 Ng6 22.Qf3 Nf4
23.Nh2 b5 24.Red1 Rad8 25.Nhf1 Kf7 26.Nf5 Bxf5 27.exf5 Qxf5 28.Re1 Qe6 29.Re4 c4
30.dxc4 f5 31.Ree1 bxc4 32.Rad1 Kg6 33.Qe3 Rd5 34.Qc3 Rxd1 35.Rxe5  0-1

[Event "Independence Cup A"]
[Site "Kiev UKR"]
[Date "2005.08.19"]
[Round "8"]
[White "Dolzhikova,K"]
[Black "Matorin,E"]
[Result "1-0"]
[WhiteElo "2248"]
[BlackElo "2298"]

1.e4 c5 2.Nf3 Nc6 3.Bb5 g6 4.Bxc6 dxc6 5.d3 Bg7 6.Nc3 e5 7.h3 h6 8.O-O Be6
9.Ne2 Ne7 10.c3 O-O 11.Be3 b6 12.d4 cxd4 13.cxd4 Bc4 14.Re1 exd4 15.Bxd4 c5
16.Bxg7 Kxg7 17.Qc2 Qd3 18.Qc1 Ba6 19.Ne5 Qd6 20.Ng4 Ng8 21.Qc3+ Kh7 22.Rad1 Qc7
23.Nf6+ Nxf6 24.Qxf6 Rae8 25.Nf4 Bb7 26.Rd6 Rxe4 27.Rxe4 Bxe4 28.Ne6 fxe6
29.Qxf8 Bf5 30.g4  1-0

[Event "ch-SCG jr"]
[Site "Vrnjacka Banja SCG"]
[Date "2005.08.19"]
[Round "9"]
[White "Nestorovic,DN"]
[Black "Pavlik,G"]
[Result "1-0"]
[WhiteElo "2320"]
[BlackElo "2190"]

1.e4 c5 2.Nf3 Nc6 3.Bb5 g6 4.Bxc6 dxc6 5.d3 Bg7 6.h3 e5 7.Nc3 Qe7 8.Be3 b6
9.Qd2 h6 10.O-O a5 11.Na4 Qc7 12.a3 f5 13.exf5 gxf5 14.Rfe1 Ne7 15.Qc1 Ba6
16.b4 Bb5 17.Nc3 axb4 18.axb4 Rxa1 19.Qxa1 O-O 20.bxc5 bxc5 21.Bxc5 Re8 22.Qa2+ Kh8
23.Qf7  1-0

[Event "Masters"]
[Site "Abu Dhabi UAE"]
[Date "2005.08.20"]
[Round "6"]
[White "Toufighi,H"]
[Black "Muralidharan,M"]
[Result "1-0"]
[WhiteElo "2170"]
[BlackElo "2329"]

1.e4 c5 2.Nf3 Nc6 3.Bb5 g6 4.O-O Bg7 5.Re1 e5 6.b4 cxb4 7.a3 bxa3 8.Bxa3 d6
9.d4 exd4 10.e5 d5 11.Nxd4 Bd7 12.e6 fxe6 13.Nxe6 Bxe6 14.Rxe6+ Kf7 15.Rd6 Bxa1
16.Qxd5+ Kg7 17.Bxc6 Nf6 18.Qa2 bxc6 19.Qxa1 Qe7 20.Nd2 Rae8 21.Nf3 Kf7 22.Rxc6 Qd8
23.Bb2  1-0

[Event "2nd Dato' Arthur Tan Malaysian Open"]
[Site "Kuala Lumpur MAS"]
[Date "2005.08.20"]
[Round "2"]
[White "Antonio,R"]
[Black "Salimbagat,R"]
[Result "1-0"]
[WhiteElo "2513"]
[BlackElo "2379"]

1.e4 c5 2.Nf3 Nc6 3.Bb5 g6 4.O-O Bg7 5.Bxc6 bxc6 6.d3 d6 7.h3 Nf6 8.e5 Nd5
9.Re1 Be6 10.Nbd2 O-O 11.Ne4 h6 12.c4 Nc7 13.Bf4 Ne8 14.Qd2 Kh7 15.Rad1 Qd7
16.b3 f5 17.exf6 exf6 18.Bxd6 Nxd6 19.Nxc5 Qf7 20.Nxe6 Rfe8 21.Nxg7 Kxg7
22.Rxe8 Rxe8 23.Re1 Rd8 24.Nd4 Nxc4 25.dxc4 c5 26.Nf5+  1-0

[Event "Masters"]
[Site "Abu Dhabi UAE"]
[Date "2005.08.21"]
[Round "7"]
[White "Aryanejad,H"]
[Black "Momeni,E"]
[Result "1/2-1/2"]
[WhiteElo "2288"]
[BlackElo "2198"]

1.e4 c5 2.Nf3 Nc6 3.Bb5 g6 4.O-O Bg7 5.Re1 e5 6.b4 cxb4 7.a3 bxa3 8.Bxa3 Nge7
9.Nc3 O-O 10.Bd6 Re8 11.Bc4 a6 12.Qb1 Bf6 13.Qa2 Rf8 14.Nd5 Nxd5 15.Bxf8 Nb6
16.Bd6 Nxc4 17.Qxc4 b5 18.Qc5 Bb7 19.c3 Rc8 20.Qa3 Bg7 21.Rad1 Bf8 22.Bxf8 Qxf8
23.Qa2 Qe7 24.h3 Nd8 25.d4 Rxc3 26.dxe5 Ne6 27.Qd2 Rc7 28.Rc1 Rxc1 29.Qxc1 a5
30.Qe3 Qc5 31.Qh6 Bc6 32.Ng5 Nf8 33.Re3 Qxe5 34.Nxf7 Qg7 35.Qxg7+ Kxg7 36.Ne5 b4
37.Kf1 a4 38.Ke1 a3 39.Kd2 a2 40.Re1 Bxe4 41.Ra1 Bb1 42.Kc1 Ne6 43.Nxd7 Nf4
44.Nc5 Nxg2 45.Na6 b3 46.Nc5 Nf4 47.Nxb3 Nd3+ 48.Kd2 Nxf2 49.Nc1 Nxh3 50.Nxa2 Bf5
51.Nc1 h5 52.Ne2 Bg4 53.Ke3 Bxe2 54.Kxe2 Kh6 55.Kf3 Ng5+ 56.Kf4 Ne6+ 57.Ke5 Nc5
58.Ra5 Nd3+ 59.Ke4 Nf2+ 60.Kf3 Ng4  1/2-1/2

[Event "Rudenko mem"]
[Site "St Petersburg RUS"]
[Date "2005.08.21"]
[Round "2"]
[White "Molchanova,T"]
[Black "Larina,M"]
[Result "1-0"]
[WhiteElo "2292"]
[BlackElo "2081"]

1.e4 c5 2.Nf3 Nc6 3.Bb5 g6 4.O-O Bg7 5.c3 Nf6 6.Re1 O-O 7.e5 Nd5 8.d4 cxd4
9.cxd4 d6 10.Nc3 dxe5 11.Bxc6 bxc6 12.Nxe5 Nxc3 13.bxc3 Bb7 14.Rb1 Rb8 15.Bf4 Qd6
16.Nxg6 Qxg6 17.Bxb8 Rxb8 18.Rxe7 c5 19.Rexb7 Rxb7 20.Rxb7 Qd6 21.Qf3 Bf6
22.g3 cxd4 23.Qg4+ Kh8 24.cxd4  1-0

[Event "Rudenko mem"]
[Site "St Petersburg RUS"]
[Date "2005.08.21"]
[Round "2"]
[White "Ambartsumova,K"]
[Black "Sudakova,I"]
[Result "0-1"]
[WhiteElo "2184"]
[BlackElo "2360"]

1.e4 c5 2.Nf3 Nc6 3.Bb5 g6 4.O-O Bg7 5.Re1 e5 6.Bxc6 dxc6 7.d3 Qe7 8.h3 Nf6
9.Be3 O-O 10.Qd2 b6 11.Qc3 Nh5 12.a4 Nf4 13.a5 Rb8 14.Nbd2 Qf6 15.b4 cxb4
16.Qxb4 c5 17.Qb2 Ne6 18.Nc4 Nd4 19.Nfxe5 b5 20.Bxd4 cxd4 21.Nf3 Bxh3 22.Ncd2 Bh6
23.e5 Qf5 24.Ne4 Bg4 25.Nf6+ Kh8 26.Nxg4 Qxg4 27.Re4 Qc8 28.Rxd4 Bg7 29.Re1 Qc7
30.Qa2 Rfe8 31.Rde4 h6 32.e6 f5 33.R4e3 Bc3 34.R1e2 Re7 35.Nh4 Kh7 36.Qd5 Rd8
37.Qxb5 Rb8  0-1

[Event "Rudenko mem"]
[Site "St Petersburg RUS"]
[Date "2005.08.21"]
[Round "2"]
[White "Kuznetsova,T"]
[Black "Malysheva,P"]
[Result "0-1"]
[WhiteElo "2010"]
[BlackElo "2282"]

1.e4 c5 2.Nf3 Nc6 3.Bb5 g6 4.Bxc6 bxc6 5.O-O Bg7 6.Re1 Nh6 7.d3 O-O 8.Nc3 d6
9.h3 e5 10.Na4 f5 11.c3 Nf7 12.d4 fxe4 13.Rxe4 cxd4 14.cxd4 d5 15.Re2 e4
16.Nh2 Qh4 17.Nc5 Ng5 18.Bxg5 Qxg5 19.Qd2 Qh5 20.Ree1 Rb8 21.Nf1 Bh6 22.Qc3 g5
23.Ne3 Bxh3 24.gxh3 Rf3 25.Ng4 Qxh3 26.Nxh6+ Qxh6 27.Qc2 Rh3 28.Kf1 Qh5  0-1

[Event "Ada Open"]
[Site "Belgrade SCG"]
[Date "2005.08.22"]
[Round "8"]
[White "Mihajlovic,M"]
[Black "Skare,G"]
[Result "1/2-1/2"]
[WhiteElo "2240"]
[BlackElo "2318"]

1.e4 c5 2.Nf3 Nc6 3.Bb5 g6 4.O-O Bg7 5.d3 a6 6.Bxc6 dxc6 7.Nc3 Nf6 8.a4 a5
9.Be3 b6 10.h3 O-O 11.d4 cxd4 12.Qxd4 Nd5 13.e5 Nxe3 14.Qxe3 Qc7 15.Rfe1 Bb7
16.h4 c5 17.Rad1 Rad8 18.Rxd8 Rxd8 19.h5 Qc6 20.hxg6 Qxg6 21.Ne4 Bh6 22.Qe2 Bf4
23.g3 Qg4 24.c4 Bh6 25.b3 Qxe4 26.Qxe4 Bxe4 27.Rxe4 Rd3 28.Kg2 e6 29.Rg4+ Bg7
30.Ng5 Rxb3 31.Ne4 Kf8 32.f4 Rb2+ 33.Kf3 Rc2 34.Ng5 Rc3+ 35.Ke2 h6 36.Nh7+ Kg8
37.Nf6+ Kh8 38.Ne8 Bf8  1/2-1/2

[Event "41st Rubinstein Mem Open A"]
[Site "Polanica Zdroj POL"]
[Date "2005.08.22"]
[Round "4"]
[White "Korosciel,A"]
[Black "Andrzejewska,E"]
[Result "1/2-1/2"]
[WhiteElo "2109"]
[BlackElo "2178"]

1.e4 c5 2.Nf3 Nc6 3.Bb5 g6 4.O-O Bg7 5.c3 Nf6 6.Re1 O-O 7.e5 Nd5 8.d4 cxd4
9.cxd4 Nc7 10.Nc3 Nxb5 11.Nxb5 a6 12.Nc3 d6 13.exd6 Qxd6 14.d5 Nb4 15.Bg5 Re8
16.Qb3 Bf5 17.Re2 b5 18.Rd1 Nd3 19.Nh4 Nf4 20.Re3 h6 21.Nxf5 gxf5 22.Bxf4 Qxf4
23.Rde1 Qd6 24.Qc2  1/2-1/2

[Event "XVI ch-NATO"]
[Site "Kolobrzeg POL"]
[Date "2005.08.23"]
[Round "3"]
[White "Cooper,L"]
[Black "Kurpnieks,V"]
[Result "1-0"]
[WhiteElo "2303"]
[BlackElo "2071"]

1.e4 c5 2.Nf3 Nc6 3.Bb5 e6 4.Bxc6 dxc6 5.d3 Qc7 6.e5 Ne7 7.O-O Ng6 8.Re1 Be7
9.Nbd2 b6 10.a4 a5 11.b3 Ba6 12.Bb2 O-O 13.Re4 f5 14.exf6 Bxf6 15.Bxf6 Rxf6
16.Qe1 Re8 17.Ne5 Nxe5 18.Rxe5 Bc8 19.Qe3 Ref8 20.f3 Rd8 21.Re1 Rd5 22.Re4 b5
23.f4 Rd4 24.Rxd4 cxd4 25.Qxd4 Rxf4 26.Ne4 Rf5 27.Nd2 c5 28.Qe4 bxa4 29.Qxa4 c4
30.Qxc4 Rc5 31.Qe4 Rxc2 32.Nc4 a4 33.bxa4 Qc5+ 34.Ne3 Qb6 35.a5 Qa7 36.Qa4  1-0

[Event "13th Open"]
[Site "Nikaia GRE"]
[Date "2005.08.24"]
[Round "2"]
[White "Makropoulou,M"]
[Black "Kourousis,E"]
[Result "1-0"]
[WhiteElo "2287"]
[BlackElo "1948"]

1.e4 c5 2.Nf3 Nc6 3.Bb5 Na5 4.O-O a6 5.Be2 e6 6.Re1 Nf6 7.e5 Nd5 8.c4 Nf4
9.Bf1 Ng6 10.Nc3 d6 11.exd6 Bxd6 12.Ne4 Be7 13.d4 cxd4 14.Qxd4 O-O 15.Qxd8 Rxd8
16.Be3 Nc6 17.Bb6 Rd7 18.a3 Bd8 19.Be3 Bc7 20.Rad1 Kf8 21.Bc5+ Nge7 22.b4 Ke8
23.b5 axb5 24.cxb5 Ne5 25.b6 Nxf3+ 26.gxf3 Rxd1 27.Rxd1 Be5 28.Bb5+ Nc6 29.Bd6 Bf6
30.Nc5 Bb2 31.a4 Bf6 32.Kg2 g6 33.Rd3 Bd8 34.Bxc6+ bxc6 35.b7 Bxb7 36.Nxb7 Rxa4
37.Rc3 Rd4 38.Rxc6 Kd7 39.Ra6 Be7 40.Nc5+  1-0

[Event "41st Rubinstein Mem Open A"]
[Site "Polanica Zdroj POL"]
[Date "2005.08.24"]
[Round "6"]
[White "Korosciel,A"]
[Black "Przezdziecka,M"]
[Result "0-1"]
[WhiteElo "2109"]
[BlackElo "2148"]

1.e4 c5 2.Nf3 Nc6 3.Bb5 d6 4.O-O Bd7 5.Re1 Nf6 6.c3 a6 7.Bf1 Bg4 8.d3 e6
9.Bg5 Be7 10.Nbd2 O-O 11.Qc2 Rc8 12.e5 dxe5 13.Nxe5 Nxe5 14.Rxe5 Bf5 15.Nf3 h6
16.Bxf6 Bxf6 17.Re3 Qd5 18.Qa4 Rfd8 19.Rae1 Qd6 20.Nd2 b5 21.Qc2 Qd5 22.Ne4 Bxe4
23.dxe4 Qxa2 24.g3 c4 25.e5 Be7 26.Rc1 Qa5 27.Ree1 Bc5 28.Kh1 Ba7 29.f4 Qb6
30.Bg2 a5 31.Be4 b4 32.f5 b3 33.Qe2 Rc5 34.Bb1 Bb8 35.Qf2 Rb5 36.Qf4 exf5
37.Qxf5 g6 38.Qf4 Qe6 39.Qxh6 Rxe5 40.Rxe5 Qxe5 41.Qh4 Rd2 42.Be4 Re2 43.Bg2 Re1+  0-1

[Event "Rudenko mem"]
[Site "St Petersburg RUS"]
[Date "2005.08.24"]
[Round "5"]
[White "Molchanova,T"]
[Black "Akatova,E"]
[Result "1/2-1/2"]
[WhiteElo "2292"]
[BlackElo "2150"]

1.e4 c5 2.Nf3 Nc6 3.Bb5 g6 4.O-O Bg7 5.c3 e5 6.Re1 Nge7 7.d3 O-O 8.a4 d6
9.h3 h6 10.Na3 Kh7 11.Bc4 f5 12.Nc2 Rb8 13.b4 b6 14.Rb1 Qc7 15.Ne3 fxe4 16.dxe4 cxb4
17.cxb4 Nd4 18.Nd2 b5 19.axb5 Nxb5 20.Bb2 Nc6 21.Nd5 Qd8 22.Nf3 Nbd4 23.Nxd4 Nxd4
24.Re3 Qh4 25.Qd2 Be6 26.Rf1 Rbc8 27.Qd3 h5 28.Rg3 Bh6 29.Bxd4 exd4 30.Qxd4 Bg7
31.Qd3 Be5 32.Re3 Rf7 33.Re2 Rcf8 34.Ne3 Bxh3 35.Nf5 Bxf5 36.g3 Qg5 37.Bxf7 Bh3
38.f4 Bd4+ 39.Kh2 Qg4 40.Rfe1 Rxf7 41.Qxd4 Bf1 42.Rxf1 Qxe2+ 43.Rf2 Qg4 44.Qxd6 h4
45.f5 gxf5 46.exf5 hxg3+ 47.Qxg3 Qh5+ 48.Qh3 Kh6 49.Qxh5+ Kxh5 50.Ra2 Kg4
51.Ra5 Rxf5 52.Rxa7 Rb5 53.Rg7+ Kh4  1/2-1/2

[Event "13th Open"]
[Site "Nikaia GRE"]
[Date "2005.08.25"]
[Round "4"]
[White "Makropoulou,M"]
[Black "Papadopoulos,N"]
[Result "1-0"]
[WhiteElo "2287"]
[BlackElo "2055"]

1.e4 c5 2.Nf3 Nc6 3.Bb5 g6 4.c3 Nf6 5.d3 Bg7 6.O-O O-O 7.Re1 a6 8.Ba4 b5
9.Bc2 Bb7 10.Be3 d6 11.h3 Rc8 12.a4 b4 13.Nbd2 Na5 14.Rc1 e5 15.Bb1 bxc3
16.bxc3 Re8 17.Ba2 d5 18.Bg5 h6 19.Bh4 d4 20.cxd4 cxd4 21.Nc4 Nxc4 22.Bxc4 Qd7
23.a5 Rc5 24.Bxf7+ Qxf7 25.Rxc5 Nh5 26.Qc2 Ba8 27.Rc7 Qe6 28.Rb1 Kh8 29.Rb6  1-0

[Event "13th Open"]
[Site "Nikaia GRE"]
[Date "2005.08.26"]
[Round "5"]
[White "Margaritis,F"]
[Black "Georgilakis,K"]
[Result "0-1"]
[WhiteElo "2190"]
[BlackElo "1964"]

1.e4 c5 2.Nf3 Nc6 3.Bb5 g6 4.c3 Bg7 5.d4 cxd4 6.cxd4 Qb6 7.Nc3 e6 8.O-O Nxd4
9.Be3 Nxf3+ 10.Qxf3 Qd8 11.Rfd1 Ne7 12.Rd6 Nc6 13.Rad1 Be5 14.Bxc6 Bxd6 15.Rxd6 bxc6
16.e5 h6 17.Ne4 Qa5 18.h4 f5 19.Nf6+ Ke7 20.Qg3 g5 21.hxg5  0-1

[Event "41st Rubinstein Mem Open A"]
[Site "Polanica Zdroj POL"]
[Date "2005.08.26"]
[Round "8"]
[White "Czarnota,D"]
[Black "Krupa,M"]
[Result "0-1"]
[WhiteElo "2238"]
[BlackElo "2275"]

1.e4 c5 2.Nf3 Nc6 3.Bb5 e6 4.O-O Nge7 5.Re1 a6 6.Bxc6 Nxc6 7.d4 cxd4 8.Nxd4 d5
9.exd5 Qxd5 10.Nxe6 Qxd1 11.Nxg7+ Kd8 12.Rxd1+ Ke7 13.Nh5 Rg8 14.Re1+ Be6
15.Be3 Bg7 16.Nxg7 Rxg7 17.Nc3 Rag8 18.g3 f6 19.f4 Kf7 20.Rad1 Bf5 21.Rd2 h5
22.Bf2 h4 23.Ne4 hxg3 24.hxg3 Bg4 25.Rd6 Rg6 26.Kg2 Rh8 27.Rh1 Rxh1 28.Kxh1 Bf3+
29.Kg1 Bxe4 30.Rd7+ Ke6 31.Rxb7 Rh6 32.Be1 Rh1+ 33.Kf2 Nd4 34.Rb6+ Kd5 35.Rxf6 Nxc2
36.Bc3 Rh2+ 37.Kg1 Rg2+ 38.Kh1 Ne3 39.Rf8 Rxg3+ 40.Kh2 Nf1+  0-1

[Event "BDO Challengers"]
[Site "Haarlem NED"]
[Date "2005.08.28"]
[Round "2"]
[White "Langedijk,A"]
[Black "Van den Berg,Ad"]
[Result "1-0"]
[WhiteElo "2219"]
[BlackElo "2298"]

1.e4 c5 2.Nf3 Nc6 3.Bb5 e5 4.O-O Nge7 5.c3 a6 6.Ba4 b5 7.Bc2 d6 8.h3 Ng6
9.d4 Qc7 10.Nbd2 Be7 11.d5 Nd8 12.a4 Rb8 13.axb5 axb5 14.Re1 O-O 15.Nf1 f5
16.exf5 Bxf5 17.Bxf5 Rxf5 18.Ng3 Rf8 19.Re4 Qc8 20.Ng5 Bxg5 21.Bxg5 Nf7 22.Be3 Ra8
23.Rxa8 Qxa8 24.Nf5 Qa2 25.Rg4 Ra8 26.Qf3 Qb1+ 27.Kh2 Ra4 28.Rxa4 bxa4 29.Qg4 e4
30.Nxd6 Nxd6 31.Qe6+  1-0

[Event "41st Rubinstein Mem Open A"]
[Site "Polanica Zdroj POL"]
[Date "2005.08.28"]
[Round "10"]
[White "Czarnota,D"]
[Black "Swiercz,D"]
[Result "1/2-1/2"]
[WhiteElo "2238"]
[BlackElo "2138"]

1.e4 c5 2.Nf3 Nc6 3.Bb5 a6 4.Bxc6 dxc6 5.O-O Qc7 6.h3 e5 7.d3 Bd6 8.Nbd2 Ne7
9.Re1 f6 10.Nc4 Be6 11.Be3 a5 12.Qe2 Bxc4 13.dxc4 g5 14.Red1 Ng6 15.Rd2 Rd8
16.Rad1 O-O 17.g3 Be7 18.Nh2 Rxd2 19.Rxd2 Rd8 20.Kg2 b6 21.Qg4 Kg7 22.h4 gxh4
23.gxh4 h5 24.Qg3 Kf7 25.Kf1 Rxd2 26.Bxd2 Qd7 27.Nf3 Qg4 28.Qxg4 hxg4 29.Nh2 Nxh4
30.Nxg4 Ke6 31.Ke2 Bf8 32.f3 Be7 33.Kf2 Bd8 34.Kg3 Ng6 35.Nh6 Be7 36.Kg4 Bf8
37.Nf5 Ne7 38.Nh4 Bg7 39.a4 Bf8 40.f4 Nc8 41.fxe5 fxe5 42.Nf5 Be7 43.b3 Bf6
44.Kh5 Kf7 45.Bg5 Bxg5 46.Kxg5 Na7 47.Ne3 Ke6 48.Kg4 Nc8  1/2-1/2

[Event "4th Open"]
[Site "Lahijan IRI"]
[Date "2005.08.29"]
[Round "4"]
[White "Melkumyan,H"]
[Black "Kotanjian,T"]
[Result "1-0"]
[WhiteElo "2335"]
[BlackElo "2462"]

1.e4 c5 2.Nf3 Nc6 3.Bb5 g6 4.O-O Bg7 5.Re1 e5 6.Nc3 Nge7 7.d3 d6 8.Bc4 h6
9.Nd5 O-O 10.c3 Kh7 11.Rb1 f5 12.b4 cxb4 13.cxb4 Nxd5 14.Bxd5 f4 15.h3 g5
16.b5 Ne7 17.Bb3 Ng6 18.d4 g4 19.hxg4 Bxg4 20.dxe5 Nxe5 21.Kf1 Qe8 22.Bb2 Qxb5+
23.Qe2 Qxe2+ 24.Kxe2 Rac8 25.Bxe5 Bxe5 26.Rec1 Rxc1 27.Rxc1 Rc8 28.Rb1 Kg7
29.Kd2 Bc3+ 30.Kd3 Bf6 31.Bc4 b6 32.Nd4 Bxd4 33.Kxd4 Rc5 34.g3 f3 35.Rd1 Kf6
36.Rd3 b5 37.Bb3 a5 38.Bd1 Ke6 39.Ke3 b4 40.Kf4 h5 41.a3 Rb5 42.Ba4 Rb6 43.Bb3+ Ke7
44.axb4 axb4 45.Rd1 Be6 46.Rb1 Bxb3 47.Rxb3 Kd7 48.Kxf3 Kc6 49.g4 hxg4+ 50.Kxg4 Kc5
51.f4 Kc4 52.Rb1 Kd4 53.f5 Kc3 54.f6 b3 55.f7 Rb8 56.Kf5 Kc2 57.Rf1 Kd3 58.Rb1 Kc2
59.Rg1 b2 60.Ke6 Kd3 61.Kxd6 Rb6+ 62.Ke7 Rb7+ 63.Ke6 Rb6+ 64.Ke7 Rb7+ 65.Kf6 b1=Q
66.Rxb1 Rxb1 67.e5 Rf1+ 68.Kg7 Rg1+ 69.Kh6 Rh1+ 70.Kg5 Re1 71.f8=Q Rxe5+
72.Kf4 Re4+ 73.Kf5 Rc4 74.Qd6+ Rd4 75.Qa3+ Kc4 76.Qf3 Rd5+ 77.Ke4 Rd4+ 78.Ke5 Rd2
79.Qf1+ Kc3 80.Qe1 Kd3 81.Kd5 Re2 82.Qg3+ Re3 83.Qg6+ Kc3 84.Qb1 Re2 85.Qa1+ Kd3
86.Qa3+ Kd2 87.Kd4 Ke1 88.Kd3 Rd2+ 89.Ke3 Re2+ 90.Kf3 Rf2+ 91.Kg3 Rd2 92.Qb4 Ke2
93.Qe4+ Kd1 94.Kf3 Rc2 95.Qd4+ Kc1 96.Ke3 Rb2 97.Qc3+ Kb1 98.Kd3 Ka1 99.Qa3+ Kb1
100.Qa4 Rh2 101.Qb3+ Ka1 102.Qa3+ Kb1 103.Qb4+ Ka2 104.Qc4+ Kb1 105.Qb4+ Ka2
106.Qc4+ Kb1 107.Qg4 Rc2 108.Qd1+ Rc1 109.Qb3+ Ka1 110.Qa3+ Kb1 111.Qb4+ Ka2
112.Kd2 Rb1 113.Qe4 Rb3 114.Kc2 Rb2+ 115.Kc1  1-0

[Event "4th Open"]
[Site "Lahijan IRI"]
[Date "2005.08.29"]
[Round "5"]
[White "Guseinov,El"]
[Black "Mousavi,S"]
[Result "1-0"]
[WhiteElo "2373"]
[BlackElo "2175"]

1.e4 c5 2.Nf3 Nc6 3.Bb5 e6 4.Bxc6 bxc6 5.O-O Ne7 6.e5 Ng6 7.b3 Be7 8.Bb2 O-O
9.d3 f6 10.Nbd2 fxe5 11.Nxe5 Nxe5 12.Bxe5 d6 13.Bb2 e5 14.Qe2 Bf6 15.Rae1 a5
16.a4 g5 17.Bc3 Bg7 18.Nc4 Be6 19.Qd2 Bxc4 20.dxc4 Rf5 21.Rd1 Bf8 22.Rfe1 Qf6
23.Bxa5 Ra7 24.Re2 g4 25.Bb6 Rf7 26.a5 Qh4 27.a6 Rh5 28.h3 gxh3 29.g3 h2+
30.Kh1 Qg4 31.Qd3 d5 32.cxd5 cxd5 33.f3 Qc8 34.a7 e4 35.fxe4 dxe4 36.Qxe4 Qd7
37.Ree1 Re7 38.Rxd7  1-0

[Event "13th Open"]
[Site "Nikaia GRE"]
[Date "2005.08.30"]
[Round "9"]
[White "Simeonidis,I"]
[Black "Tolis,E"]
[Result "1-0"]
[WhiteElo "2246"]
[BlackElo "2048"]

1.e4 c5 2.Nf3 Nc6 3.Bb5 g6 4.Bxc6 bxc6 5.O-O Bg7 6.Re1 e5 7.c3 Ne7 8.d4 cxd4
9.cxd4 exd4 10.Nxd4 Qb6 11.Nb3 O-O 12.Nc3 d5 13.Bg5 Qc7 14.Rc1 dxe4 15.Rxe4 Nf5
16.g4 Bh6 17.Nd5 Qd6 18.Ne7+ Kh8 19.Bxh6 Qxd1+ 20.Rxd1 Nxh6 21.g5 Nf5 22.Nc5 Rb8
23.b4 Nxe7 24.Rxe7 Rxb4 25.Ne4 Bg4 26.Re1 Be6 27.Nf6 Bf5 28.Rxa7 Rb1 29.Rxb1 Bxb1
30.a4 Kg7 31.Kg2 h6 32.h4 Rd8 33.Rc7 hxg5 34.hxg5 Bc2 35.a5 Ba4 36.a6 Ra8
37.a7 Bb5 38.Rb7  1-0

[Event "13th Open"]
[Site "Nikaia GRE"]
[Date "2005.08.30"]
[Round "9"]
[White "Margaritis,F"]
[Black "Shahtahtinsky,A"]
[Result "0-1"]
[WhiteElo "2190"]
[BlackElo "2312"]

1.e4 c5 2.Nf3 Nc6 3.Bb5 g6 4.c3 Bg7 5.d4 Qa5 6.Qe2 cxd4 7.O-O a6 8.Bc4 d6
9.Nxd4 Nf6 10.f3 O-O 11.Be3 Bd7 12.a4 Rac8 13.Nd2 Ne5 14.Bb3 d5 15.Bf2 dxe4
16.Nxe4 Nc6 17.Nc2 Nxe4 18.Qxe4 Bf5 19.Qe2 Rfd8 20.Rfd1 Rxd1+ 21.Rxd1 Rd8
22.Ne3 Qe5 23.Rxd8+ Nxd8 24.Qd1 Nc6 25.Nc4 Qc7 26.Nb6 Qd8 27.Nd5 e6 28.Bb6 Qh4
29.Ne3 Be5 30.g3 Bxg3 31.hxg3 Qxg3+ 32.Ng2 Bh3 33.Qe2 Ne5 34.Bd1 Nd3 35.Be3 Bxg2  0-1

[Event "Operation Capablanca"]
[Site "Vienna AUT"]
[Date "2005.08.30"]
[Round "7"]
[White "Sulskis,S"]
[Black "Markos,J"]
[Result "1-0"]
[WhiteElo "2535"]
[BlackElo "2495"]

1.e4 c5 2.Nf3 Nc6 3.Bb5 d6 4.O-O Bd7 5.Re1 Nf6 6.c3 a6 7.Ba4 b5 8.Bc2 Bg4
9.a4 e6 10.d4 cxd4 11.cxd4 Be7 12.axb5 axb5 13.Rxa8 Qxa8 14.e5 dxe5 15.dxe5 Nd5
16.Be4 O-O 17.Bxd5 exd5 18.h3 Bxf3 19.Qxf3 Bb4 20.Bd2 Bxd2 21.Nxd2 Re8 22.Qxd5 Rd8
23.Qf3 Rxd2 24.Rc1 Rxb2 25.Rxc6 h6 26.Qc3 Qa1+ 27.Kh2 Rb1 28.Rc8+ Kh7 29.Qc2+ g6
30.Qc7  1-0

[Event "49th TCh-ESP Honor 2"]
[Site "Sant Lluis ESP"]
[Date "2005.08.31"]
[Round "1"]
[White "Damaso,R"]
[Black "Granero Roca,A"]
[Result "1-0"]
[WhiteElo "2432"]
[BlackElo "2342"]

1.e4 c5 2.Nf3 Nc6 3.Bb5 g6 4.O-O Bg7 5.c3 Nf6 6.e5 Nd5 7.d4 cxd4 8.cxd4 O-O
9.Nc3 Nxc3 10.bxc3 d6 11.exd6 Qxd6 12.a4 a6 13.Ba3 Qc7 14.Bxc6 Qxc6 15.Bxe7 Re8
16.d5 Qc4 17.d6 Bd7 18.Nd2 Qd3 19.Ra2 Rac8 20.Qb1 Rxc3 21.Ne4 Qxb1 22.Rxb1 Rc4
23.f3 f5 24.Nd2 Rd4 25.Rxb7 Be6 26.Rc2 Be5 27.Nb3 Bxb3 28.Rxb3 Bxd6 29.Bxd6 Rxd6
30.Rb7 f4 31.h4 Rf6 32.Rcc7 h5 33.a5 Re5 34.Rc8+ Rf8 35.Rc6 Rxa5 36.Rxg6+ Kh8
37.Rh6+ Kg8 38.Rg6+ Kh8 39.Ra7 Raf5 40.Rgxa6 Kg8 41.Rg6+ Kh8 42.Rb6 Kg8 43.Rbb7 Rd8
44.Kh2 Rc8 45.Kh3 Kf8 46.Rh7 Kg8 47.Rag7+ Kf8 48.Rg5  1-0

[Event "BDO Challengers"]
[Site "Haarlem NED"]
[Date "2005.09.01"]
[Round "6"]
[White "De Roda Husman,J"]
[Black "Duchene,R"]
[Result "1-0"]
[WhiteElo "2238"]
[BlackElo "2219"]

1.e4 c5 2.Nf3 Nc6 3.Bb5 g6 4.O-O Bg7 5.c3 Nf6 6.e5 Nd5 7.d4 cxd4 8.cxd4 O-O
9.Nc3 Nxc3 10.bxc3 d6 11.exd6 Qxd6 12.a4 a6 13.Bd3 Re8 14.Re1 Bg4 15.h3 Bxf3
16.Qxf3 Rac8 17.Ba3 Qd7 18.Rab1 Na5 19.Bb4 Nc6 20.Ba3 e5 21.d5 Na5 22.d6 e4
23.Rxe4 Bxc3 24.Rxe8+ Qxe8 25.Qg4 Rd8 26.Qg5 Nc6 27.Rxb7 Qe1+ 28.Bf1 Re8
29.Qc1 Qxc1 30.Bxc1 Rd8 31.Ba3 Be5 32.Bc4 Bxd6 33.Bxf7+ Kf8 34.Bxd6+ Rxd6
35.Bc4 Rd1+ 36.Kh2 Ne5 37.Bxa6  1-0

[Event "IX Taca BCX"]
[Site "Brasiliat BRA"]
[Date "2005.09.04"]
[Round "1"]
[White "Valle,A"]
[Black "Nascimento,D"]
[Result "1-0"]
[WhiteElo "2270"]
[BlackElo "2153"]

1.e4 c5 2.Nf3 Nc6 3.Bb5 d6 4.Bxc6+ bxc6 5.O-O e5 6.h3 Be7 7.d3 h6 8.Nh2 g5
9.Nd2 Nf6 10.Nc4 Be6 11.Ne3 Qd7 12.Qf3 Rg8 13.Nhg4 Nxg4 14.hxg4 Rh8 15.Nf5 Bxf5
16.exf5 f6 17.Bd2 Kf7 18.Qh3 Kg7 19.g3 Qe8 20.Kg2 Qf7 21.b3 h5 22.Rh1 h4
23.gxh4 Rxh4 24.Qf3 Rxh1 25.Rxh1 Qd5 26.Qxd5 cxd5 27.Kf3 Rh8 28.Rxh8 Kxh8
29.c4 Kg7 30.cxd5 Kf8 31.Ke4 Ke8 32.b4 Kd7 33.Kf3 Kc7 34.a4 Kb6 35.Ke4 Kc7
36.Bc3 Kd7 37.Ke3 Bd8 38.Kd2 a6 39.Kc2 Bb6 40.f3 cxb4 41.Bxb4 Bd4 42.Kb3 Bb6
43.Kc4 Ke7 44.Bc3 Kd7 45.d4 Bd8 46.Bb4 Bc7 47.dxe5 dxe5 48.Bf8 Bb6 49.d6 Kc6
50.Be7 Be3 51.Bxf6 Kxd6 52.Kd3 Bc1 53.Ke4 Bf4 54.Bg7 Bg3 55.f6 Ke6 56.f7 Kxf7
57.Bxe5 Be1 58.Kf5 Bd2 59.Bf6 Bc1 60.Bxg5 Bb2 61.Bf4  1-0

[Event "IX Taca BCX"]
[Site "Brasiliat BRA"]
[Date "2005.09.06"]
[Round "3"]
[White "Valle,A"]
[Black "Lima,Da"]
[Result "1/2-1/2"]
[WhiteElo "2270"]
[BlackElo "2535"]

1.e4 c5 2.Nf3 Nc6 3.Bb5 e6 4.Bxc6 bxc6 5.O-O Ne7 6.d3 Ng6 7.Ng5 Be7 8.Qh5 c4
9.dxc4 Ba6 10.b3 Bf6 11.c3 Qa5 12.b4 Qa4 13.e5 Bxg5 14.Qxg5 Bxc4 15.Re1 O-O
16.h4 f6 17.Qg4 Ba6 18.exf6 Rxf6 19.h5 Qc2 20.Qg3 Nf8 21.Bg5 Rf7 22.Nd2 Qd3
23.Qxd3 Bxd3 24.h6 Ng6 25.hxg7  1/2-1/2

[Event "58th ch-RUS Semi-Final"]
[Site "Kazan RUS"]
[Date "2005.09.06"]
[Round "4"]
[White "Chebotarev,O"]
[Black "Filippov,Va"]
[Result "1-0"]
[WhiteElo "2517"]
[BlackElo "2621"]

1.e4 c5 2.Nf3 Nc6 3.Bb5 g6 4.Bxc6 dxc6 5.d3 Bg7 6.h3 Nf6 7.Nc3 O-O 8.Bf4 Ne8
9.Qd2 Nc7 10.Bh6 f6 11.O-O-O e5 12.Nh2 Ne6 13.Ng4 Qe7 14.Bxg7 Qxg7 15.g3 f5
16.exf5 gxf5 17.Ne3 Nd4 18.f4 Be6 19.Qf2 Kh8 20.fxe5 Qxe5 21.Ng2 a5 22.Nf4 Bf7
23.Rhe1 Qd6 24.Kb1 a4 25.Nce2 a3 26.b3 Qf6 27.Nxd4 cxd4 28.Qe2 Rfe8 29.Qd2 Re3
30.Qb4 Rxg3 31.Qxb7 Rag8 32.Qa7 Qd6 33.Qxf7 Qxf4 34.Qf6+ R3g7 35.Rg1 Qc7
36.Qxd4 c5 37.Qc3 Rd8 38.Rg5 Kg8 39.Rdg1 Rd7 40.Rxg7+ Rxg7 41.Rxg7+ Qxg7
42.Qxg7+ Kxg7 43.Kc1 Kf6 44.Kd2 Ke5 45.c3 h5 46.Ke3 h4 47.Kf3 Ke6 48.Kf4 Kf6
49.b4 cxb4 50.cxb4 Ke6 51.b5  1-0

[Event "IX Taca BCX"]
[Site "Brasiliat BRA"]
[Date "2005.09.07"]
[Round "4"]
[White "Da Silva,A"]
[Black "Matsuura,E"]
[Result "0-1"]
[WhiteElo "2238"]
[BlackElo "2453"]

1.e4 c5 2.Nf3 Nc6 3.Bb5 e6 4.Bxc6 bxc6 5.d3 Ne7 6.O-O f6 7.Be3 Ng6 8.Nc3 Be7
9.Na4 d6 10.Nd2 e5 11.Qh5 O-O 12.g3 f5 13.f4 d5 14.exd5 cxd5 15.Bxc5 Qa5
16.Bxe7 Nxe7 17.Nc3 Qb6+ 18.d4 Qxb2 19.Qf3 e4 20.Qe3 Qxc2 21.Nb3 Ba6 22.Rfd1 Rac8
23.Rac1 Qb2 24.Nc5 Bd3 25.N3a4 Qe2 26.Qxe2 Bxe2 27.Rd2 Bc4 28.Kf2 Nc6 29.Ke3 Nb4
30.Nb2 Bxa2 31.Ra1 Rf7 32.Nd1 Bc4 33.Nb2 Bb5 34.Ra5 a6 35.Nd1 Rfc7 36.Nb2 Nc6
37.Ra2 Nxd4 38.Kxd4 Rxc5 39.Nd1 Rc4+ 40.Kxd5 Kf7 41.Ne3 Rd8+ 42.Ke5 Rc5+
43.Rd5 Rdxd5+  0-1

[Event "IX Taca BCX"]
[Site "Brasiliat BRA"]
[Date "2005.09.07"]
[Round "4"]
[White "Lima,Da"]
[Black "Andrade,Rob"]
[Result "1/2-1/2"]
[WhiteElo "2535"]
[BlackElo "2261"]

1.e4 c5 2.Nf3 Nc6 3.Bb5 d6 4.O-O Nf6 5.Re1 Bd7 6.c3 a6 7.Bf1 Bg4 8.d3 g6
9.Nbd2 Bg7 10.h3 Bxf3 11.Nxf3 O-O 12.a3 Rc8 13.b4 cxb4 14.axb4 Nb8 15.Bd2 Re8
16.c4 Nfd7 17.d4 e6 18.Qb3 Nc6 19.Bc3 d5 20.cxd5 exd5 21.Qxd5 Nf6 22.Qxd8 Nxd8
23.Bb2 Rxe4 24.Rec1 Rxc1 25.Rxc1 Re8 26.b5 Ne6 27.bxa6 bxa6 28.Bxa6 Nf4 29.Ne5 Ne4
30.Ba1 Nd2 31.Bc3 Nb3 32.Re1 Bxe5 33.dxe5 Nc5 34.Bf1 Nd5 35.Bd2 h5 36.Bc4 Nb6
37.Bb5 Rb8 38.Rc1 Nb3 39.Rc2 Nd4 40.Rc5 Nb3 41.Rc2 Nd4 42.Rc5 Nb3  1/2-1/2